000 00329nam a22001457a 4500
008 230612b ||||| |||| 00| 0 eng d
020 _a9781416037057
041 _aeng
080 _27TH EDITION
_a618
082 _a618PER
100 _a15
101 _aGJKL
245 _aBEFORE WE ARE BORN
_cPERSAUD.N.V.T
942 _2udc
_cBK
999 _c59931
_d59931